| 000 | 00000nam##2200000za#4500 |
| 001 | 9.638996 |
| 003 | CaOODSP |
| 005 | 20210624221941 |
| 007 | cr ||||||||||| |
| 008 | 150407|2002||||xxc|||||o f|0| 0 fre|d |
| 040 | |aCaOODSP|bfre |
| 043 | |an-cn--- |
| 086 | 1 |aH39-647/2002-2F-PDF |
| 110 | 1 |aCanada.|bSanté Canada. |bDirection générale de la santé de la population et de la santé publique. |
| 245 | 10|aGuide pédagogique d'activité physique pour les jeunes du Canada (de 10 à 14 ans) |h[ressource électronique] |
| 260 | |aOttawa - Ontario : |bSanté Canada. |cc2002. |
| 300 | |a16p.|bill. |
| 500 | |aLe n° de catalogue (H39-647/2002-2F) et l'ISBN (0-662-87820-5) de l'édition imprimée ont été incorrectement copiés dans la version PDF. |
| 520 | 3 |aL'information contenue dans cette publication à propos des lignes directrices en matière d'activité physique, n'est plus à jour. La Société canadienne de physiologie de l’exercice a diffusé le 24 janvier 2011 des nouvelles lignes directrices. Pour en savoir davantage sur les nouvelles lignes directices en matière d'activité physique et pour des conseils pour vous aider à intégrer l'activité physique dans un mode de vie sain, consultez le site Web de l'Agence de la santé publique du Canada (ASPC). |
| 590 | |a12-28-Supp|b2012-06-15 |
| 691 | 07|aAdolescent|2gcpds |
| 691 | 07|aCondition physique|2gcpds |
| 775 | 08|tTeacher's guide to physical activity for youth 10-14 years of age |w(CaOODSP)9.694826 |
| 776 | 0#|tGuide pédagogique d'activité physique pour les jeunes du Canada (de 10 à 14 ans) |w(CaOODSP)9.681927 |
| 856 | 40|ahttp://publications.gc.ca|qPDF|s2673 Ko|uhttps://publications.gc.ca/collections/collection_2011/aspc-phac/H39-647-2002-2-fra.pdf |
| 986 | |a9094 |